Central Library OPAC University of Rajshahi
Normal view MARC view

Entry Personal Name

Number of records used in: 1

001 - CONTROL NUMBER

  • control field: 472

003 - CONTROL NUMBER IDENTIFIER

  • control field: BD-RjUL

005 - DATE AND TIME OF LATEST TRANSACTION

  • control field: 20220103131822.0

008 - FIXED-LENGTH DATA ELEMENTS

  • fixed length control field: 220103|| aca||aabn | a|a d

040 ## - CATALOGING SOURCE

  • Original cataloging agency: BD-RjUL
  • Transcribing agency: BD-RjUL

100 ## - HEADING--PERSONAL NAME

  • Personal name: কবির, মো. হুমায়ুন

670 ## - SOURCE DATA FOUND

  • Source citation: Work cat.: (BD-RjUL)79111: কবির, মো. হুমায়ুন, বঙ্গ ও বঙ্গাল শব্দের উৎপত্তি ও ক্রমবিকাশ = (Introducing and Continuation of the Bonga and Bongal words) /, ২০২১